Impact of cohesion policy on regional development of Slovakia ex-post assessment of national strategic reference framework 2007-2013

Gespeichert in:
Bibliographische Detailangaben
1. Verfasser: Radvanský, Marek
Weitere Verfasser: Frank, Karol, Lichner, Ivan, Miklošovič, Tomáš
Format: Buch
Sprache:Englisch
Veröffentlicht: Bratislava Ekonomický ústav SAV 2016
Schlagworte:
Tags: Tag hinzufügen
Keine Tags, Fügen Sie das erste Tag hinzu!

MARC

LEADER 00000nlm a2200000 4500
001 0216108
005 20220426102310.9
020 |a 978-80-7144-258-5 
020 |a 978-80-7144-257-8 
041 0 |a eng 
044 |a SK 
245 1 0 |a Impact of cohesion policy on regional development of Slovakia  |b ex-post assessment of national strategic reference framework 2007-2013  |c Marek Radvanský et al. 
264 1 |a Bratislava  |b Ekonomický ústav SAV  |c 2016 
300 |a online [111 s.] 
610 2 0 |a vývoj hospodársky 
610 2 0 |a fondy štruktúrne 
610 2 0 |a fond kohézny 
610 2 0 |a modely ekonometrické 
610 2 0 |a regióny 
610 2 0 |a rozvoj hospodársky 
610 2 0 |a rozvoj sociálny 
610 2 0 |a analýzy 
610 2 0 |a Slovensko 
100 1 |a Radvanský, Marek 
700 1 |a Frank, Karol 
700 1 |a Lichner, Ivan 
700 1 |a Miklošovič, Tomáš